La Cooperació al desenvolupament des del món local : document d'orientació i debat / direcció i coordinació: Direcció de Serveis de Relacions Internacionals document d'orientació i debat / direcció i coordinació:
Publicado:
Barcelona :
Diputació de Barcelona. Àrea de Presidència. Direcció de Serveis de Relacions Internacionals ,
2005
Descripción Física:
22 p. ; 24 cm
MARC
| LEADER | 00000nam a2200000Ia 4500 | ||
|---|---|---|---|
| 001 | 21212 | ||
| 008 | 160829s2005 xx 000 0 cat d | ||
| 080 | |a FU-33-33 | ||
| 245 | |a La Cooperació al desenvolupament des del món local : |b document d'orientació i debat / direcció i coordinació: |b Direcció de Serveis de Relacions Internacionals | ||
| 250 | |a 2a ed. | ||
| 260 | |a Barcelona : |b Diputació de Barcelona. Àrea de Presidència. Direcció de Serveis de Relacions Internacionals, |c 2005 | ||
| 300 | |a 22 p. ; |c 24 cm | ||
| 650 | |a Administració local |x Cooperació internacional |9 44052 | ||
| 650 | 0 | |a Cooperació internacional |9 20418 | |
| 650 | |a Solidaritat |9 50422 | ||
| 710 | |a Barcelona (Catalunya : Província). |b Direcció de Serveis de Relacions Internacionals |e entitat editora |9 53455 | ||
| 901 | |a Arxiu | ||
| 942 | |n 1 |2 udc | ||
| 952 | |0 0 |1 0 |4 0 |6 FU3333 |7 1 |9 51763 |a Arxiu |b Arxiu |d 2016-12-01 |l 0 |o FU-33-33 |p 21212 |r 2016-12-01 00:00:00 |w 2016-12-01 |y ARXIU | ||
| 999 | |c 55609 |d 55609 | ||